1337 1359 1615 1054 1521 1455 1256 1993 1021 1195 1254 1162 1294 1135 1328 1497 1797 1441 1882 1865 1102 1588 1689 1468 1557 1887 1416 1084 1048 1759 1789 1040 1112 1997 1978 1396 1180 1438 1564 1580 1570 1931 1515 1697 1234 1939 1712 1608 1461 1819 1465 1519 1197 1515 1864 1881 1562 1420 1827 1640 1572 1083 1558 1108 1296 1458 1140 1407 1935 1098 1016 1232 1792 1655 1769 1678 1874 1625 1454 1451 1660 1513 1887 1138 1842 1620 1216 1436 1504 1625 1385 1613 1065 1690 1972 1270 1050 1431 1703 BCNSPRNW ULIB Ver.6.0+V

เปลี่ยนเป็นภาษาไทย

Change to English
 แสดงรายละเอียดบรรณานุกรม
  กลับหน้าหลัก

Brief Record : Get Marc (ISO 2709) : E-mail record : QR code < ปิดหน้าต่าง
LEADER : 00000nam 2200000uu 4500
001    13399112593
003     ULIB
008    110826s2551||||th 000 0 tha d
020    9789740626534
050  4 HQ772^bS111ส 2551
110 2  ซัมซุงพับลิชิง คอมพานี
245 10 สมองซีกซ้ายพัฒนาได้ไร้ขีดจำกัด สำหรับ 4-5 ปี /^cซัมซุงพับลิชิง คอมพานี
250    พิมพ์ครั้งที่ 1
260    กรุงเทพฯ :^bนานมีบุ๊คส์พับลิเคชั่นส์ ,^c2551
300    96 หน้า :^bภาพประกอบ
945    ^p195^l0^i024688
995    ทศพร
999 ^a ทศพร
รายการนี้ยังไม่มีแท็ก
คุณยังไม่ได้ล็อกอิน คุณสามารถมีกิจกรรมร่วมกับเว็บไซต์ได้ แต่ต้องล็อกอินก่อน ::
  ล็อกอิน

รายการสื่อสารสนเทศ

ลำดับที่ ประเภท เลขเรียก/บาร์โค้ด สถานที่ สถานะ
- ไม่พบข้อมูล -

BibComment


ยังไม่เคยถูกคอมเมนท์

คอมเมนท์ทรัพยากรรายการนี้
  คอมเมนท์: สมองซีกซ้ายพัฒนาไ..


 Copyright 2026. Bcnsprnw @Library